Traité de l'organisation, de la compétence et de la procédure en matière contentieuse administrative, dans leurs rapports avec le droit civil / (Record no. 165267)

MARC details
000 -LEADER
campo de control de longitud fija 00731nam a22001815i 4500
001 - NÚMERO DE CONTROL
campo de control 165267
003 - IDENTIFICADOR DE NÚMERO DE CONTROL
campo de control ES-MaACL
005 - FECHA Y HORA DE LA ÚLTIMA TRANSACCIÓN
campo de control 20230906213112.0
008 - DATOS DE LONGITUD FIJA--INFORMACIÓN GENERAL
campo de control de longitud fija 050906s1842 fr | |||||||| ||fre d
040 ## - FUENTE DE CATALOGACIÓN
Centro catalogador/agencia de origen CAM
Lengua de catalogación spa
Centro/agencia transcriptor CAM
100 1# - ENTRADA PRINCIPAL--NOMBRE DE PERSONA
Nombre de persona Serrigny.
9 (RLIN) 132680
245 10 - MENCIÓN DEL TÍTULO
Título Traité de l'organisation, de la compétence et de la procédure en matière contentieuse administrative, dans leurs rapports avec le droit civil /
Mención de responsabilidad, etc. par Serrigny.
260 ## - PUBLICACIÓN, DISTRIBUCIÓN, ETC.
Lugar de publicación, distribución, etc. Paris :
Nombre del editor, distribuidor, etc. Joubert, libraire-éditeur,
Fecha de publicación, distribución, etc. 1842 (
Lugar de fabricación/manufactura Dijon :
Fabricante Imprimerie de Douillier)
300 ## - DESCRIPCIÓN FÍSICA
Extensión 2 v. (VI, 634 ; 599 p.) ;
Dimensiones 21 cm.
650 #4 - PUNTO DE ACCESO ADICIONAL DE MATERIA--TÉRMINO DE MATERIA
Término de materia o nombre geográfico como elemento de entrada Procedimiento administrativo.
9 (RLIN) 136768
700 1# - ENTRADA AGREGADA--NOMBRE PERSONAL
Nombre de persona Joubert, Joseph,
Término indicativo de función/relación
9 (RLIN) 128363
852 ## - LOCALIZACIÓN
Ubicación ES-MaACL
Número de control de estantería G-12995-12996
Nota libre -- Enc. hol.
Holdings
Estatus retirado Estado de pérdida Estado de daño No para préstamo Colección Biblioteca de origen Biblioteca actual Ubicación en estantería Fecha de adquisición Fuente de adquisición Total de préstamos Signatura topográfica completa Código de barras Visto por última vez Precio de reemplazo Tipo de ítem Koha
        Libros del s. XIX Biblioteca del Ateneo de Madrid Biblioteca del Ateneo de Madrid Sala Pecera Planta 3 17/01/2008     G-12995-12996 1173301 23/02/2023 23/02/2023 Libro impreso antiguo